000 00788nam a2200229Ii 4500
003 JO-AjNU
008 230605s9999||||xx |||||||||||||| ||und||
017 _a23/3543
020 _a9960-861-73-2
040 _aJO-AjNU
_bara
_erda
_cJO-AjNU
041 _aara
050 1 4 _aDS284 2002
100 3 _aدار السلام، الرياض,
_eauthor
_949036
245 0 0 _aتاريخ مكة المكرمة: كتاب مختصر وجامع لأحوال مكة المكرمة وما يخص حجاج بيت الله الحرام
250 _aط1
264 3 1 _aالرياض: دار السلام، 2002
300 _a160ص
336 _atext
_btxt
_2rdacontent
337 _aunmediated
_bn
_2rdamedia
338 _avolume
_bnc
_2rdacarrier
650 4 _aمكة المكرمة-تاريخ
_949037
999 _aA21513
_c25081
_d25081